Premier League Manager of the Month - Statistics

Statistiche generali
  • Questo quiz è stato fatto 8 volte
  • Il punteggio medio è 160 su 272
Statistiche sulle risposte
Mese Nazione Squadra Allenatore % Corretto
Agosto Scozia Manchester Utd Alex Ferguson
100%
Ottobre Scozia Manchester Utd Alex Ferguson
100%
Febbraio Scozia Manchester Utd Alex Ferguson
100%
Marzo Scozia Manchester Utd Alex Ferguson
100%
Febbraio Scozia Manchester Utd Alex Ferguson
100%
Ottobre Scozia Manchester Utd Alex Ferguson
100%
Gennaio Scozia Manchester Utd Alex Ferguson
100%
Aprile Scozia Manchester Utd Alex Ferguson
100%
Agosto Scozia Manchester Utd Alex Ferguson
100%
Marzo Scozia Manchester Utd Alex Ferguson
100%
Aprile Scozia Manchester Utd Alex Ferguson
100%
Febbraio Scozia Manchester Utd Alex Ferguson
100%
Aprile Scozia Manchester Utd Alex Ferguson
100%
Dicembre Scozia Manchester Utd Alex Ferguson
100%
Febbraio Scozia Manchester Utd Alex Ferguson
100%
Marzo Scozia Manchester Utd Alex Ferguson
100%
Agosto Scozia Manchester Utd Alex Ferguson
100%
Ottobre Scozia Manchester Utd Alex Ferguson
100%
Febbraio Scozia Manchester Utd Alex Ferguson
100%
Gennaio Scozia Manchester Utd Alex Ferguson
100%
Marzo Scozia Manchester Utd Alex Ferguson
100%
Gennaio Scozia Manchester Utd Alex Ferguson
100%
Aprile Scozia Manchester Utd Alex Ferguson
100%
Settembre Scozia Manchester Utd Alex Ferguson
100%
Gennaio Scozia Manchester Utd Alex Ferguson
100%
Agosto Scozia Manchester Utd Alex Ferguson
100%
Ottobre Scozia Manchester Utd Alex Ferguson
100%
Ottobre Italia Chelsea Antonio Conte
100%
Novembre Italia Chelsea Antonio Conte
100%
Dicembre Italia Chelsea Antonio Conte
100%
Marzo Francia Arsenal Arsène Wenger
100%
Aprile Francia Arsenal Arsène Wenger
100%
Ottobre Francia Arsenal Arsène Wenger
100%
Aprile Francia Arsenal Arsène Wenger
100%
Settembre Francia Arsenal Arsène Wenger
100%
Agosto Francia Arsenal Arsène Wenger
100%
Febbraio Francia Arsenal Arsène Wenger
100%
Agosto Francia Arsenal Arsène Wenger
100%
Settembre Francia Arsenal Arsène Wenger
100%
Dicembre Francia Arsenal Arsène Wenger
100%
Febbraio Francia Arsenal Arsène Wenger
100%
Febbraio Francia Arsenal Arsène Wenger
100%
Settembre Francia Arsenal Arsène Wenger
100%
Marzo Francia Arsenal Arsène Wenger
100%
Ottobre Francia Arsenal Arsène Wenger
100%
Novembre Italia Chelsea Carlo Ancelotti
100%
Agosto Italia Chelsea Carlo Ancelotti
100%
Marzo Italia Chelsea Carlo Ancelotti
100%
Aprile Italia Chelsea Carlo Ancelotti
100%
Settembre Italia Everton Carlo Ancelotti
100%
Settembre Paesi Bassi Manchester Utd Erik ten Hag
100%
Febbraio Paesi Bassi Manchester Utd Erik ten Hag
100%
Novembre Portogallo Chelsea José Mourinho
100%
Gennaio Portogallo Chelsea José Mourinho
100%
Marzo Portogallo Chelsea José Mourinho
100%
Novembre Portogallo Tottenham José Mourinho
100%
Febbraio Spagna Manchester City Josep Guardiola
100%
Settembre Spagna Manchester City Josep Guardiola
100%
Ottobre Spagna Manchester City Josep Guardiola
100%
Novembre Spagna Manchester City Josep Guardiola
100%
Dicembre Spagna Manchester City Josep Guardiola
100%
Febbraio Spagna Manchester City Josep Guardiola
100%
Aprile Spagna Manchester City Josep Guardiola
100%
Gennaio Spagna Manchester City Josep Guardiola
100%
Febbraio Spagna Manchester City Josep Guardiola
100%
Novembre Spagna Manchester City Josep Guardiola
100%
Dicembre Spagna Manchester City Josep Guardiola
100%
Settembre Germania Liverpool Jürgen Klopp
100%
Dicembre Germania Liverpool Jürgen Klopp
100%
Marzo Germania Liverpool Jürgen Klopp
100%
Agosto Germania Liverpool Jürgen Klopp
100%
Settembre Germania Liverpool Jürgen Klopp
100%
Novembre Germania Liverpool Jürgen Klopp
100%
Dicembre Germania Liverpool Jürgen Klopp
100%
Gennaio Germania Liverpool Jürgen Klopp
100%
Maggio Germania Liverpool Jürgen Klopp
100%
Settembre Spagna Arsenal Mikel Arteta
100%
Marzo Spagna Arsenal Mikel Arteta
100%
Agosto Spagna Arsenal Mikel Arteta
100%
Novembre/Dicembre Spagna Arsenal Mikel Arteta
100%
Gennaio Spagna Arsenal Mikel Arteta
100%
Marzo Sppagna Arsenal Mikel Arteta
100%
Marzo Germania Chelsea Thomas Tuchel
100%
Ottobre Germania Chelsea Thomas Tuchel
100%
Aprile Spagna Aston Villa Unai Emery
100%
Settembre Italia Chelsea Claudio Ranieri
83%
Marzo Italia Chelsea Claudio Ranieri
83%
Novembre Italia Leicester City Claudio Ranieri
83%
Marzo Italia Leicester City Claudio Ranieri
83%
Aprile Italia Leicester City Claudio Ranieri
83%
Marzo Inghilterra Bournemouth Eddie Howe
83%
Gennaio Inghilterra Bournemouth Eddie Howe
83%
Ottobre Inghilterra Bournemouth Eddie Howe
83%
Febbraio Inghilterra Newcastle Utd Eddie Howe
83%
Ottobre Inghilterra Newcastle Utd Eddie Howe
83%
Ottobre Inghilterra Chelsea Frank Lampard
83%
Settembre Portogallo Wolverhampton Nuno Espírito Santo
83%
Giugno Portogallo Wolverhampton Nuno Espírito Santo
83%
Ottobre Portogallo Wolverhampton Nuno Espírito Santo
83%
Agosto Portogallo Tottenham Nuno Espírito Santo
83%
Novembre Spagna Liverpool Rafael Benítez
83%
Dicembre Spagna Liverpool Rafael Benítez
83%
Gennaio Spagna Liverpool Rafael Benítez
83%
Ottobre Spagna Liverpool Rafael Benítez
83%
Marzo Spagna Liverpool Rafael Benítez
83%
Aprile Spagna Chelsea Rafael Benítez
83%
Novembre Spagna Newcastle Utd Rafael Benítez
83%
Dicembre PortogalloScozia Tottenham André Villas-Boas
67%
Febbraio Portogallo Tottenham André Villas-Boas
67%
Gennaio Irlanda del Nord Swansea City Brendan Rodgers
67%
Agosto Irlanda del Nord Liverpool Brendan Rodgers
67%
Marzo Irlanda del Nord Liverpool Brendan Rodgers
67%
Dicembre Inghilterra Aston Villa Dean Smith
67%
Novembre Inghilterra Derby County Jim Smith
67%
Settembre Argentina Tottenham Mauricio Pochettino
67%
Febbraio Argentina Tottenham Mauricio Pochettino
67%
Aprile Argentina Tottenham Mauricio Pochettino
67%
Ottobre Argentina Southampton Muricio Pochettino
67%
Settembre Italia West Bromwich Roberto Di Matteo
67%
Dicembre Italia Manchester City Roberto Mancini
67%
Ottobre Italia Manchester City Roberto Mancini
67%
Agosto Inghilterra Blackburn Roy Hodgson
67%
Dicembre Inghilterra Blackburn Roy Hodgson
67%
Ottobre Inghilterra Fulham Roy Hodgson
67%
Febbraio Inghilterra Fulham Roy Hodgson
67%
Settembre Scozia Everton Walter Smith
67%
Agosto Australia Tottenham Ange Postecoglou
50%
Settembre Australia Tottenham Ange Postecoglou
50%
Ottobre Australia Tottenham Ange Postecoglou
50%
Novembre Scozia Everton David Moyes
50%
Settembre Scozia Everton David Moyes
50%
Gennaio Scozia Everton David Moyes
50%
Febbraio Scozia Everton David Moyes
50%
Febbraio Scozia Everton David Moyes
50%
Gennaio Scozia Everton David Moyes
50%
Marzo Scozia Everton David Moyes
50%
Ottobre Scozia Everton David Moyes
50%
Settembre Scozia Everton David Moyes
50%
Marzo Scozia Everton David Moyes
50%
Novembre Inghilterra West Ham Utd Harry Redknapp
50%
Aprile Inghilterra Portsmouth Harry Redknapp
50%
Ottobre Inghilterra Portsmouth Harry Redknapp
50%
Marzo Inghilterra Southampton Harry Redknapp
50%
Aprile Inghilterra Portsmouth Harry Redknapp
50%
Agosto Inghilterra Tottenham Harry Redknapp
50%
Settembre Inghilterra Tottenham Harry Redknapp
50%
Novembre Inghilterra Tottenham Harry Redknapp
50%
Gennaio Scozia Blackburn Kenny Dalglish
50%
Novembre Scozia Blackburn Kenny Dalglish
50%
Dicembre Cile Manchester City Manuel Pellegrini
50%
Gennaio Cile Manchester City Manuel Pellegrini
50%
Dicembre Cile Manchester City Manuel Pellegrini
50%
Agosto Cile Manchester City Manuel Pellegrini
50%
Gennaio Norvegia Manchester Utd Ole Gunnar Solskjær
50%
Luglio Austria Southampton Ralph Hasenhüttl
50%
Settembre Paesi Bassi Southampton Ronald Koeman
50%
Gennaio Paesi Bassi Southampton Ronald Koeman
50%
Gennaio Paesi Bassi Southampton Ronald Koeman
50%
Agosto Inghilterra Bolton Sam Allardyce
50%
Novembre Inghilterra Bolton Sam Allardyce
50%
Gennaio Inghilterra Bolton Sam Allardyce
50%
Dicembre Inghilterra Bolton Sam Allardyce
50%
Febbraio Inghilterra West Ham Utd Sam Allardyce
50%
Ottobre Inghilterra West Ham Utd Sam Allardyce
50%
Marzo Inghilterra Burnley Sean Dyche
50%
Febbraio Inghilterra Burnley Sean Dyche
50%
Aprile Inghilterra Newcastle Utd Steve Bruce
50%
Agosto Svezia Manchester City Sven-Göran Eriksson
50%
Agosto Inghilterra Charlton Alan Curbishley
33%
Febbraio Inghilterra Charlton Alan Curbishley
33%
Febbraio Inghilterra Charlton Alan Curbishley
33%
Febbraio Inghilterra West Ham Utd Alan Pardew
33%
Novembre Inghilterra Newcastle Utd Alan Pardew
33%
Novembre Inghilterra Newcastle Utd Alan Pardew
33%
Dicembre Scozia Birmingham City Alex McLeish
33%
Gennaio Portogallo Wolverhampton Bruno Lage
33%
Febbraio Irlanda Brighton Chris Hughton
33%
Aprile Giamaica West Bromwich Darren Moore
33%
Marzo Irlanda Leeds Utd David O'Leary
33%
Marzo Irlanda Leeds Utd David O'Leary
33%
Aprile Irlanda Leeds Utd David O'Leary
33%
Agosto Inghilterra Middlesbrough Gareth Southgate
33%
Dicembre Francia Liverpool Gérard Houllier
33%
Marzo Francia Liverpool Gérard Houllier
33%
Ottobre Francia Liverpool Gérard Houllier
33%
Ottobre Scozia Southampton Graeme Souness
33%
Aprile Scozia Southampton Graeme Souness
33%
Agosto Spagna Watford Javi Gracia
33%
Novembre Inghilterra Newcastle Utd Kevin Keegan
33%
Agosto Inghilterra Newcastle Utd Kevin Keegan
33%
Febbraio Inghilterra Newcastle Utd Kevin Keegan
33%
Agosto Inghilterra Newcastle Utd Kevin Keegan
33%
Settembre Inghilterra Newcastle Utd Kevin Keegan
33%
Ottobre Galles Blackburn Mark Hughes
33%
Settembre Irlanda del Nord Leicester City Martin O'Neill
33%
Ottobre Irlanda del Nord Leicester City Martin O'Neill
33%
Novembre Irlanda del Nord Leicester City Martin O'Neill
33%
Aprile Irlanda del Nord Aston Villa Martin O'Neill
33%
Novembre Irlanda del Nord Aston Villa Martin O'Neill
33%
Dicembre Irlanda del Nord Aston Villa Martin O'Neill
33%
Aprile Irlanda del Nord Aston Villa Martin O'Neill
33%
Dicembre Irlanda del Nord Aston Villa Martin O'Neill
33%
Dicembre Inghilterra Liverpool Roy Evans
33%
Gennaio Inghilterra Liverpool Roy Evans
33%
Aprile Galles Crystal Palace Tony Pulis
33%
Febbraio Galles West Bromwich Tony Pulis
33%
Novembre Inghilterra Manchester City Alan Ball
17%
Aprile Israele Chelsea Avram Grant
17%
Febbraio Inghilterra Newcastle Utd Bobby Robson
17%
Agosto Inghilterra Newcastle Utd Bobby Robson
17%
Dicembre Inghilterra Newcastle Utd Bobby Robson
17%
Febbraio Inghilterra Newcastle Utd Bobby Robson
17%
Gennaio Inghilterra Newcastle Utd Bobby Robson
17%
Ottobre Inghilterra Newcastle Utd Bobby Robson
17%
Marzo Irlanda Bolton BOwen Coyle
17%
Gennaio Inghilterra Aston Villa Brian Little
17%
Gennaio Inghilterra Reading Brian McDermott
17%
Marzo Inghilterra Middlesbrough Bryan Robson
17%
Gennaio Irlanda del Nord Sheffield Wednesday Danny Wilson
17%
Agosto Stati Uniti Huddersfield Town David Wagner
17%
Settembre Inghilterra Nottingham Forest Frank Clark
17%
Ottobre Inghilterra Nottingham Forest Frank Clark
17%
Agosto Inghilterra Swansea City Garry Monk
17%
Novembre Inghilterra Bolton Gary Megson
17%
Novembre Scozia Ipswich Town George Burley
17%
Novembre Scozia Leeds Utd George Graham
17%
Ottobre Inghilterra Tottenham Glenn Hoddle
17%
Agosto Inghilterra Tottenham Glenn Hoddle
17%
Dicembre Scozia Coventry City Gordon Strachan
17%
Febbraio Scozia Coventry City Gordon Strachan
17%
Gennaio Scozia Southampton Gordon Strachan
17%
Dicembre Scozia Southampton Gordon Strachan
17%
Gennaio Inghilterra Everton Howard Kendall
17%
Aprile Inghilterra Leeds Utd Howard Wilkinson
17%
Settembre Irlanda Wimbledon FC Joe Kinnear
17%
Marzo Irlanda Wimbledon FC Joe Kinnear
17%
Aprile Irlanda Wimbledon FC Joe Kinnear
17%
Settembre Irlanda Wimbledon FC Joe Kinnear
17%
Febbraio Inghilterra Oldham Athletic Joe Royle
17%
Settembre Inghilterra Aston Villa John Gregory
17%
Settembre Inghilterra Aston Villa John Gregory
17%
Dicembre Paesi Bassi Liverpool Martin Jol
17%
Agosto Inghilterra Hull City Mike Phelan
17%
Ottobre Galles Norwich City Mike Walker
17%
Aprile Inghilterra Leicester City Nigel Pearson
17%
Novembre Irlanda Bolton Owen Coyle
17%
Gennaio Inghilterra Swansea City Paul Clement
17%
Settembre Inghilterra Wigan Paul Jewell
17%
Ottobre Inghilterra Wigan Paul Jewell
17%
Ottobre Inghilterra Sunderland Peter Reid
17%
Dicembre Inghilterra Sunderland Peter Reid
17%
Settembre Inghilterra Leicester City Peter Taylor
17%
Settembre Inghilterra Hull City Phil Brown
17%
Novembre Inghilterra Liverpool Phil Thompson
17%
Marzo Inghilterra Liverpool Phil Thompson
17%
Dicembre Spagna Watford Quique Sánchez Flores
17%
Aprile Spagna Wigan Roberto Martínez
17%
Marzo Inghilterra Coventry City Ron Atkinson
17%
Novembre Scozia West Bromwich Steve Clarke
17%
Settembre Inghilterra Reading Steve Coppell
17%
Novembre Inghilterra Reading Steve Coppell
17%
Gennaio Inghilterra Nottingham Forest Stuart Pearce
17%
Aprile Inghilterra Manchester City Stuart Pearce
17%
Agosto Inghilterra Manchester City Stuart Pearce
17%
Gennaio Irlanda Middlesbrough Terry Venables
17%
Dicembre Inghilterra Blackburn Brian Kidd
0%
Aprile Inghilterra Southampton Dave Merrington
0%
Agosto Inghilterra Sheffield Wednesday David Pleat
0%
Dicembre Inghilterra QPR Gerry Francis
0%
Marzo Inghilterra West Ham Utd Glenn Roeder
0%
Aprile Spagna Burnley Mike Jackson
0%
Dicembre Inghilterra Sheffield Wednesday Trevor Francis
0%
Nessun quiz corrispondente trovato
Distribuzione punteggi
Percentuale di utenti per punteggio
Percentile per numero di risposta
I tuoi punteggi nel tempo
Non hai fatto questo quiz